| 000 | 01526ctm a22003011i 4500 | ||
|---|---|---|---|
| 003 | SA-RiAUC | ||
| 005 | 20250529054243.0 | ||
| 008 | 250525s2011 su f bm 000 0 ara c | ||
| 040 |
_aSA-JeALM _bara _cSA-RiAUC. _erda |
||
| 043 | _ama----- | ||
| 082 | 0 | 4 |
_a341.77 _qSA-RiAUC |
| 090 |
_aر 341.77 _b ح ا ر |
||
| 100 | 1 |
_aالحارثي، محمد بن حسن _eمؤلف. |
|
| 245 | 1 | 2 |
_aالأبعاد القانونية والأمنية لعلاقة الدول العربية بالمحكمة الجنائية الدولية : _bدراسة تأصيلية تحليلية / _cإعداد محمد بن حسن الحارثي ؛ إشراف خالد بن عثمان العمير. |
| 264 | 0 |
_aالرياض : _bجامعة نايف العربية. _c2011 |
|
| 300 |
_a249 ورقة ؛ _c30 سم |
||
| 336 |
_aنص _btxt _2rdacontent _3أطروحة |
||
| 337 |
_aبدون وسيط _bn _2rdamedia |
||
| 338 |
_aمجلد _bnc _2rdacarrier |
||
| 500 | _aإشراف : خالد بن عثمان العمير. | ||
| 500 | _aملاحق : صفحة 219-249. | ||
| 502 |
_bدكتوراه _cجامعة نايف العربية للعلوم الأمنية، كلية الدراسات العليا، قسم العدالة الجنائية _d2011. |
||
| 504 | _aببليوجرافية : صفحة 196-218. | ||
| 610 | 2 | 7 |
_aالمحكمة الجنائية الدولية _2aucnm |
| 650 | 7 |
_aالقانون الدولي الجنائي _zالبلاد العربية _2aucsh |
|
| 942 |
_2ddc _cTHESES _n0 |
||
| 949 |
_aSA-JeALM _d250525 _uosman123 _n1 |
||
| 999 |
_c8442 _d8442 |
||